header

Mysticism and vocation (Record no. 190817)

MARC details
000 -LEADER
fixed length control field 01419nam a2200349Ia 4500
082 04 - DEWEY DECIMAL CLASSIFICATION NUMBER
Classification number 248.2/2
100 1# - MAIN ENTRY--AUTHOR NAME
Personal name Horne, James R.,
245 10 - TITLE STATEMENT
Title Mysticism and vocation
260 ## - PUBLICATION, DISTRIBUTION, ETC. (IMPRINT)
Place of publication Waterloo, Ont. :
Name of publisher Published for the Canadian Corporation for Studies in Religion/Corporation Canadienne des Sciences Religieuses by Wilfrid Laurier University Press,
Year of publication 1996.
300 ## - PHYSICAL DESCRIPTION
Number of Pages v, 110 p.
490 1# - SERIES STATEMENT
Series statement Editions SR ;
650 #0 - SUBJECT ADDED ENTRY--TOPICAL TERM
Topical Term Mysticism.
Topical Term Vocation (in religious orders, congregations, etc.)
856 40 - ELECTRONIC LOCATION AND ACCESS
Uniform Resource Identifier http://site.ebrary.com/lib/rucke/Doc?id=10147155

No items available.

© 2026 Rongo University
Contact us: librarian | system librarian | Rongo university